000 00316nam a2200109 4500
999 _c9985
_d9985
008 180725b ||||| |||| 00| 0 eng d
245 _aKadayawan girls, volleyball all set at UM gym.
260 _aDavao City
_bSun Star Davao
_cc2017
300 _apage 20.
650 0 _929479
_aUniversity of Mindanao.
942 _2ddc
_cPER